Starting Sensory Integration Therapy : Fun Activities That Won't Destroy Your Home Or Classroom! (Record no. 589949)

MARC details
000 -LEADER
fixed length control field 00437nam a22001337a 4500
008 - FIXED-LENGTH DATA ELEMENTS--GENERAL INFORMATION
fixed length control field 250927b |||||||| |||| 00| 0 eng d
020 ## - INTERNATIONAL STANDARD BOOK NUMBER
ISBN 9781932565478
Paper back/Hardbound pbk
041 ## - LANGUAGE CODE
Language code of text/sound track or separate title eng
082 ## - DEWEY DECIMAL CLASSIFICATION NUMBER
Classification number 155.911
Item number ARN
100 ## - MAIN ENTRY--AUTHOR NAME
Personal name Arnwine ,Bonnie Olivia Mccoy
245 ## - TITLE STATEMENT
Title Starting Sensory Integration Therapy : Fun Activities That Won't Destroy Your Home Or Classroom!
Statement of responsibility, etc /Bonnie Arnwine, Olivia McCoy
942 ## - ADDED ENTRY ELEMENTS (KOHA)
Koha item type English Books
Holdings
Withdrawn status Lost status Damaged status Not for loan Home library Current library Shelving location Date acquired Full call number Accession Number Price effective from Koha item type
        Anna Centenary Library Anna Centenary Library 3RD FLOOR, A WING 27.09.2025 155.911 ARN 418826 27.09.2025 English Books

Find us on the map